000 00613nam a22002417a 4500
003 UA-OsUOA
001 58493
007 ta
008 20090212b un ||||| |||| 00| 0 ukr d
100 _aЗорина С.
090 _a821.161.1
_bЗ-86
942 _cBK
040 _aUA-OsUOA
_brus
_cUA-OsUOA
_dUA-OsUOA
245 _aОтстрел
_bРоман
300 _a298 с.
955 _a3
041 _arus
080 _a821.161.1
020 _a966-03-1040-4
260 _aХарків
_bФОЛИО
_c2000
650 7 _a82 Література. Літературознавство
_2UDC
999 _c344574
_d344574